Intangible assets and their macroeconomic effects: an overview
Nehmotné aktíva ako významný komponent firemných aktív. Nejde len o práva duševného vlastníctva, ale aj o nehmotné aktíva v širšom zmysle slova, napr. investície do zlepšovania podnikových procesov, vzťahy so zákazníkmi a dodávateľmi, podpora odbornosti zamestnancov či samotný ľudský kapitál, ktorým...
Na minha lista:
| Autor principal: | |
|---|---|
| Outros Autores: | |
| Formato: | Capítulo de Livro |
| Idioma: | eslovaco |
| Assuntos: | |
| Tags: |
Sem tags, seja o primeiro a adicionar uma tag!
|
MARC
| LEADER | 00000naa$a2200000$$$4500 | ||
|---|---|---|---|
| 001 | 0236204 | ||
| 005 | 20220805080242.5 | ||
| 041 | 0 | |a slo | |
| 044 | |a SK | ||
| 245 | 1 | 0 | |a Intangible assets and their macroeconomic effects: an overview |c Silvia Mrázková, Jozef Glova |
| 520 | |a Nehmotné aktíva ako významný komponent firemných aktív. Nejde len o práva duševného vlastníctva, ale aj o nehmotné aktíva v širšom zmysle slova, napr. investície do zlepšovania podnikových procesov, vzťahy so zákazníkmi a dodávateľmi, podpora odbornosti zamestnancov či samotný ľudský kapitál, ktorým firmy disponujú. Príspevok poskytuje teoretický prehľad prieskumov a makroekonomických štúdií, ktorých cieľom je poskytnúť relevantnejšie informácie o nehmotných aktívach na národných úrovniach jednotlivých krajín, predovšetkým v EÚ. | ||
| 610 | 2 | 0 | |a firmy |
| 610 | 2 | 0 | |a aktíva nehmotné |
| 610 | 2 | 0 | |a projekty |
| 610 | 2 | 0 | |a Európska únia |
| 610 | 2 | 0 | |a produkt domáci hrubý |
| 100 | 1 | |a Mrázková, Silvia | |
| 700 | 1 | |a Glova, Jozef | |